000 00256nam a22001217a 4500
082 _a823
_bSAR/P
100 _aSARADHA P.G
245 _aPOOVALANANNAN
260 _aALAPPUZHA
_bSURYA PUBLICATIONS
_c2008
300 _a48
520 _aSHORT STORY
942 _cBK
999 _c6948
_d6948